| 000 | 00676nam a2200193 a 4500 | ||
|---|---|---|---|
| 003 | 0 | ||
| 005 | 20250225103740.0 | ||
| 008 | 111114s19uu xx 00 eng d | ||
| 050 |
_aPGS QR 761.5 _b.J83 2011 |
||
| 100 | _aJose, Klyde Jasper F. | ||
| 245 |
_aEffect of homemade mouthwash on Streptococcus pyogenes / _cKlyde Jasper F. Jose. |
||
| 260 |
_aLas PiƱas City, Philippines : _bSouthville International School and Colleges, _c2011. |
||
| 300 |
_a23 pages : _bcolored illustrations ; _c28 cm. |
||
| 504 | _aIncludes bibliographical references. | ||
| 650 | _aMouthwashes. | ||
| 650 | _aStreptococcus pyogenes. | ||
| 650 | _aAntibacterial agents. | ||
| 942 |
_2lcc _cPASS |
||
| 999 |
_c98612 _d98612 |
||